| 000 | 00387nam a2200133Ia 4500 | ||
|---|---|---|---|
| 008 | 210210b1969 xxu||||| |||| 00| 0 eng d | ||
| 082 | _a300.72 SENA | ||
| 100 | _aSENTER (R J). | ||
| 245 | _aAnalysis of data: introductory statistics for the behavioural sciences. | ||
| 260 |
_aAtlanta. _bScott, Foresman And Co., _c1969 |
||
| 300 | _ax,512 | ||
| 690 | _aSocial Research | ||
| 906 | _a040856 | ||
| 999 |
_c90471 _d90471 |
||